Music Quiz

Random Music or Show Quiz

TV Shows in Song Lyrics Quiz Stats

Quiz Updated Sep 12, 2016

Challenge
Share
Tweet
Embed
Score 0/40 Timer 12:00
6 Plays Today
% Correct
Fame
87.1%
Angel
86.1%
Survivor
85.6%
Castle
83.5%
Friends
81.9%
Jersey Shore
80.7%
Alice
80.6%
King of the Hill
80.2%
Cops
79.7%
Lost
77.9%
House
77.5%
Flipper
77%
Heroes
76.9%
New Girl
76.3%
Good Times
75.8%
The Office
74.6%
Bones
74.4%
Beat the Clock
73.8%
The Price Is Right
72.9%
The Twilight Zone
72.2%
% Correct
One Day at a Time
71.9%
That Girl
71.8%
Lie to Me
71.6%
Taxi
69.4%
Glee
69.3%
The Voice
68.9%
Lost in Space
68.3%
Rescue Me
65%
Las Vegas
64.3%
Alias
63%
Family Ties
62.7%
Dallas
59%
I've Got a Secret
55.8%
Happy Days
55.3%
Full House
51.1%
Once Upon a Time
47.1%
Six Feet Under
46.6%
Let's Make a Deal
44.9%
Get Smart
40.6%
Blossom
30.7%

You're not logged in!

Compare scores with friends on all Sporcle quizzes.
Join for Free
OR
Log In

You Might Also Like...

Show Comments

Extras

Top Quizzes Today


Score Distribution

Your Account Isn't Verified!

In order to create a playlist on Sporcle, you need to verify the email address you used during registration. Go to your Sporcle Settings to finish the process.

Report this User

Report this user for behavior that violates our Community Guidelines.

Details: